Twenty One Pilots Lyrics - Statistics

General Stats
  • This quiz has been taken 2,022 times
  • The average score is 8 of 10
Answer Stats
Hint Answer % Correct
"I will make you queen of everything you see, I'll put you on the map, I'll cure you of disease." House of Gold
96%
"Am I the only one I know, waging my wars behind my face and above my throat." Migraine
91%
"I know what you think in the morning" Guns for Hands
86%
"Fear might be the death of me, fear leads to anxiety." Doubt
84%
"Then write something, yeah it might be worthless Then paint something then, it might be wordless" Kitchen Sink
78%
"He never really told a lie but this time he decides that it's alright" Johnny Boy
72%
"I've been traveling in the desert of my mind." Addict With A Pen
69%
"We all are stranger creatures than when we all started out as kids, culture forbids." Glowing Eyes
65%
"I hope to see you, I've waited all this week" Ruby
64%
"I will fly with no hope, no fear." Isle Of Flightless Birds
59%
No matching quizzes found
Score Distribution
Percent of People with Each Score
Percentile by Number Answered
Your Score History
You have not taken this quiz